Normal view
MARC view
- Challoner, Jack , Dingle, Adrian , Harvey, Derek , Perks, Bea
Entry Corporate Name
001 - CONTROL NUMBER
- control field: 96865
003 - CONTROL NUMBER IDENTIFIER
- control field: NUST
005 - DATE AND TIME OF LATEST TRANSACTION
- control field: 20220811130135.0
008 - FIXED-LENGTH DATA ELEMENTS
- fixed length control field: 220811|| aca||aabn | a|a d
040 ## - CATALOGING SOURCE
- Original cataloging agency: NUST
- Transcribing agency: NUST
110 ## - HEADING--CORPORATE NAME
- Corporate name or jurisdiction name as entry element: Challoner, Jack , Dingle, Adrian , Harvey, Derek , Perks, Bea
670 ## - SOURCE DATA FOUND
- Source citation: Work cat.: (NUST): Beall, Abigail 96864, Knowledge Encyclopedia Science, 2018.
